000 00462nam a2200157 a 4500
001 000032035
005 20200930063356.0
008 110712s19uu dr 000 0 spa d
040 _aDO-SdBNP
_bspa
_cBNPHU
082 _axxx
_bR789p
100 1 _aRosario Castro, Reynaldo
_958168
245 1 3 _aEl poder del creador :
_bLa nueva doctrina /
_cReynaldo Rosario Castro.
260 _a[Santo Domingo] :
_b[s.n.],
_c[s.f.].
300 _a80 p. ;
_c22 cm.
049 _aBNPD
999 _c31526
_d31526